[Event "GER-ch 65th"]
[Site "Bad Wildbad"]
[Date "1993.??.??"]
[Round "7"]
[White "Hickl, Joerg"]
[Black "Nagendra, Rentala"]
[Result "1-0"]
[WhiteElo "2570"]
[BlackElo "2315"]
[EventDate "1993.11.??"]
[PlyCount "83"]

1. g3 g6 2. Bg2 Bg7 3. c4 f5 4. Nc3 Nf6 5. Nf3 O-O 6. O-O d6 7. Rb1 e5 8. d3 Nc6 9. b4 h6 10. b5 Ne7 11. Nd2 g5 12. Qb3 Kh8 13. Ba3 c5 14. bxc6 bxc6 15. Bb4 Ne8 16. Qa4 a5 17. Ba3 e4 18. Bb2 exd3 19. exd3 Bd7 20. Qa3 a4 21. Ne2 Qc7 22. Bxg7+ Nxg7 23. Rb4 c5 24. Rb7 Qc8 25. Qb2 Rb8 26. Rb1 Rxb7 27. Qxb7 Ne6 28. Rb6 Qxb7 29. Rxb7 Rd8 30. Nc3 Ng6 31. Nb5 Be8 32. Bd5 Nd4 33. Nxd4 cxd4 34. Nf3 f4 35. Nxd4 fxg3 36. hxg3 Ne5 37. Be4 Bg6 38. Bxg6 Nxg6 39. Nf5 h5 40. d4 h4 41. Rb6 hxg3 42. fxg3 1-0

[Event "GER-ch 65th"]
[Site "Bad Wildbad"]
[Date "1993.??.??"]
[Round "7"]
[White "Kindl, Peter"]
[Black "Moehring, Guenther"]
[Result "0-1"]
[WhiteElo "2335"]
[BlackElo "2345"]
[EventDate "1993.11.??"]
[PlyCount "92"]

1. d4 f5 2. c4 Nf6 3. Nc3 d6 4. Nf3 c6 5. g3 Qc7 6. Bg2 e5 7. O-O e4 8. Ng5 h6 9. Nh3 g5 10. f3 exf3 11. exf3 Bg7 12. Re1+ Kf7 13. Qc2 Na6 14. Be3 Bd7 15. Nf2 Rae8 16. Nd3 Re7 17. Bf2 Rhe8 18. Rxe7+ Rxe7 19. h4 gxh4 20. gxh4 Nh5 21. Ne2 d5 22. Re1 Kg8 23. cxd5 cxd5 24. Qd2 Nb8 25. Ne5 Nc6 26. Nc3 Qd6 27. Nb5 Qb8 28. Nxd7 Rxd7 29. Bh3 Rf7 30. Nc3 Nxd4 31. Qe3 Nf4 32. Bf1 Rf6 33. Qe8+ Qxe8 34. Rxe8+ Kf7 35. Re3 Rb6 36. Bg3 Nde6 37. Na4 Bd4 38. Bf2 Bxe3 39. Bxe3 Rc6 40. Bxa7 d4 41. Bb5 Rc1+ 42. Kf2 Rc2+ 43. Ke1 Ng2+ 44. Kd1 Ne3+ 45. Ke1 Nf4 46. Bxd4 Nfg2# 0-1

[Event "GER-ch 65th"]
[Site "Bad Wildbad"]
[Date "1993.??.??"]
[Round "7"]
[White "Luther, Thomas"]
[Black "Bezold, Michael"]
[Result "1/2-1/2"]
[WhiteElo "2480"]
[BlackElo "2490"]
[EventDate "1993.11.??"]
[PlyCount "77"]

1. e4 c5 2. Nf3 e6 3. d4 cxd4 4. Nxd4 a6 5. Bd3 Bc5 6. Nb3 Ba7 7. O-O Nc6 8. Bf4 d6 9. Qd2 Nf6 10. Nc3 h6 11. Be2 e5 12. Be3 Bxe3 13. Qxe3 Be6 14. Rad1 Qc7 15. Rd2 O-O 16. Rfd1 Rad8 17. Bf3 Rfe8 18. Ne2 Rd7 19. c3 Ne7 20. Ng3 Red8 21. Nh5 Nxh5 22. Bxh5 Kh8 23. h3 Ng8 24. Bg4 Bxg4 25. hxg4 Nf6 26. g5 hxg5 27. Qxg5 Kg8 28. Re1 d5 29. exd5 Nxd5 30. Qxe5 Qc8 31. Red1 Nf6 32. Rxd7 Rxd7 33. Rxd7 Qxd7 34. Nd4 Qa4 35. Qb8+ Kh7 36. Qh2+ Kg8 37. Qb8+ Kh7 38. Qh2+ Kg8 39. Qb8+ 1/2-1/2

[Event "GER-ch 65th"]
[Site "Bad Wildbad"]
[Date "1993.??.??"]
[Round "7"]
[White "Menacher, Manfred"]
[Black "Movsziszian, Karen"]
[Result "0-1"]
[WhiteElo "2280"]
[BlackElo "2480"]
[EventDate "1993.11.??"]
[PlyCount "82"]

1. e4 c5 2. Nf3 d6 3. c3 Nf6 4. Be2 g6 5. O-O Bg7 6. Re1 O-O 7. Bf1 e5 8. d3 Nc6 9. Na3 Rb8 10. Nc2 b5 11. Bg5 h6 12. Bh4 b4 13. Ne3 bxc3 14. bxc3 g5 15. Bg3 Be6 16. Qa4 Qc7 17. Nd2 Nh5 18. f3 Ne7 19. Rab1 f5 20. Bf2 f4 21. Nc2 g4 22. fxg4 Bxg4 23. d4 cxd4 24. Qc4+ Qxc4 25. Bxc4+ Kh8 26. cxd4 Rxb1 27. Rxb1 d5 28. Bd3 Rd8 29. Bh4 Bf6 30. Bxf6+ Nxf6 31. dxe5 Nd7 32. Rb7 Ng6 33. Rxa7 Nc5 34. exd5 Nxd3 35. e6 Rc8 36. h3 Rxc2 37. hxg4 Rxd2 38. e7 Nxe7 39. Rxe7 Rd1+ 40. Kh2 Nf2 41. g3 f3 0-1

[Event "GER-ch 65th"]
[Site "Bad Wildbad"]
[Date "1993.??.??"]
[Round "7"]
[White "Michaelsen, Nils"]
[Black "Uhlmann, Wolfgang"]
[Result "0-1"]
[WhiteElo "2435"]
[BlackElo "2510"]
[EventDate "1993.11.??"]
[PlyCount "86"]

1. d4 Nf6 2. c4 g6 3. Nc3 Bg7 4. e4 d6 5. f4 O-O 6. Nf3 c5 7. d5 a6 8. a4 e6 9. Be2 exd5 10. cxd5 Re8 11. Nd2 Ng4 12. Bxg4 Qh4+ 13. g3 Qxg4 14. Qxg4 Bxg4 15. Kf2 Bd4+ 16. Kg2 Nd7 17. h3 Bxc3 18. bxc3 Be2 19. Re1 Bd3 20. Re3 c4 21. Ba3 Nb6 22. Bxd6 Nxd5 23. Rxd3 cxd3 24. c4 Ne3+ 25. Kf2 Nxc4 26. Nxc4 Rxe4 27. Ne3 Rd8 28. Bc7 Rd7 29. Bb6 d2 30. Ke2 h5 31. a5 h4 32. Rd1 hxg3 33. Kf3 f5 34. Kxg3 g5 35. Nxf5 Rd5 36. Nh6+ Kh7 37. fxg5 Re1 38. Rxd2 Rxd2 39. Ng4 Rd3+ 40. Kf4 Rxh3 41. Ne5 Rb3 42. Bc7 Rb5 43. Nf3 Rf1 0-1

[Event "GER-ch 65th"]
[Site "Bad Wildbad"]
[Date "1993.??.??"]
[Round "7"]
[White "Paehtz, Thomas Sr"]
[Black "Voekler, Bernd"]
[Result "1-0"]
[WhiteElo "2470"]
[BlackElo "2335"]
[EventDate "1993.11.??"]
[PlyCount "59"]

1. d4 Nf6 2. c4 g6 3. Nc3 d5 4. cxd5 Nxd5 5. e4 Nxc3 6. bxc3 Bg7 7. Bc4 c5 8. Ne2 O-O 9. Be3 Nc6 10. Rc1 cxd4 11. cxd4 Qa5+ 12. Kf1 Bd7 13. h4 Rfc8 14. h5 e5 15. hxg6 hxg6 16. Bd2 Qd8 17. Qb3 Qe8 18. Qg3 Kf8 19. Rh7 exd4 20. Qh4 Qe5 21. Bf4 g5 22. Bxg5 Kg8 23. Bf4 Qf6 24. Qxf6 Bxf6 25. Rxf7 Ne5 26. Bxe5 Rxc4 27. Rxf6 Rxc1+ 28. Nxc1 Rc8 29. Bf4 Bb5+ 30. Ke1 1-0

[Event "GER-ch 65th"]
[Site "Bad Wildbad"]
[Date "1993.??.??"]
[Round "7"]
[White "Raupp, Thomas"]
[Black "Schmidt Schaeffer, Sebastian"]
[Result "0-1"]
[WhiteElo "2360"]
[BlackElo "2275"]
[EventDate "1993.11.??"]
[PlyCount "112"]

1. d4 d5 2. c4 e6 3. Nc3 Be7 4. Nf3 Nf6 5. Bg5 O-O 6. e3 h6 7. Bh4 b6 8. Rc1 Bb7 9. Bxf6 Bxf6 10. cxd5 exd5 11. Be2 c6 12. O-O Na6 13. Qa4 Nc7 14. b4 Qe7 15. Qb3 Rfd8 16. Rfd1 Ne6 17. Rb1 Rac8 18. Na4 Rc7 19. Rd2 g6 20. Rc2 Bg7 21. Rbc1 Qd6 22. Nb2 Bc8 23. a4 Bd7 24. Nd3 Rdc8 25. a5 Rb8 26. axb6 axb6 27. Ra2 Rcc8 28. Ra7 Be8 29. Qc2 Bf8 30. Qd2 Nc7 31. g3 Nb5 32. Ra2 Qe6 33. Nde5 Nd6 34. Rb1 Ne4 35. Qc2 Rb7 36. Nd3 Rbc7 37. Ra6 Rb8 38. Nf4 Qc8 39. Bd3 Ng5 40. Nxg5 hxg5 41. Ne2 Qh3 42. Nc3 Bd6 43. Bf1 Qc8 44. Qa2 Bd7 45. b5 Bf5 46. Ra1 Bb4 47. Qb3 Bxc3 48. Qxc3 cxb5 49. Qb3 Be4 50. R6a2 Qf5 51. Be2 Rbc8 52. Ra8 Kg7 53. Rxc8 Rxc8 54. Qxb5 Rh8 55. g4 Qf6 56. Qd7 Rxh2 0-1

[Event "GER-ch 65th"]
[Site "Bad Wildbad"]
[Date "1993.??.??"]
[Round "7"]
[White "Renner, Christoph"]
[Black "Maiwald, Jens Uwe"]
[Result "0-1"]
[WhiteElo "2385"]
[BlackElo "2430"]
[EventDate "1993.11.??"]
[PlyCount "76"]

1. e4 c5 2. g3 Nc6 3. Bg2 e6 4. Nc3 g6 5. d3 Bg7 6. Be3 Nd4 7. Nce2 Nxe2 8. Nxe2 Bxb2 9. Rb1 Bg7 10. Bxc5 d6 11. Ba3 Qa5+ 12. Bb4 Qc7 13. O-O Ne7 14. f4 O-O 15. Ba3 Rd8 16. g4 f5 17. Ng3 Rb8 18. gxf5 exf5 19. h4 Be6 20. c4 b5 21. Rxb5 Rxb5 22. cxb5 Qa5 23. Bc1 Qxb5 24. Qe2 Bf7 25. h5 fxe4 26. hxg6 hxg6 27. Nxe4 Nf5 28. Kh2 Re8 29. Qd2 Nh4 30. Bh3 Qd5 31. Rf2 Be6 32. Bb2 Bxh3 33. Bxg7 Rxe4 34. dxe4 Nf3+ 35. Kxh3 Qh5+ 36. Kg3 Nxd2 37. Rxd2 Kxg7 38. Rxd6 Qe2 0-1

[Event "GER-ch 65th"]
[Site "Bad Wildbad"]
[Date "1993.??.??"]
[Round "7"]
[White "Seils, Joerg"]
[Black "Pirrot, Dieter"]
[Result "0-1"]
[WhiteElo "2355"]
[BlackElo "2400"]
[EventDate "1993.11.??"]
[PlyCount "78"]

1. e4 e5 2. Nf3 Nc6 3. Bc4 Bc5 4. d3 Nf6 5. O-O O-O 6. c3 Bb6 7. a4 a6 8. Bg5 d6 9. Nbd2 Ne7 10. a5 Ba7 11. Bxf6 gxf6 12. Nh4 Ng6 13. Qh5 Nxh4 14. Qxh4 f5 15. Qh6 Kh8 16. Nf3 Rg8 17. Bxf7 Rg7 18. Bh5 fxe4 19. dxe4 Bh3 20. g3 Qg8 21. Nh4 Rxg3+ 22. Kh1 Qg7 23. Qxg7+ Rxg7 24. Rg1 Rxg1+ 25. Rxg1 Bxf2 26. Rg3 Bxg3 27. hxg3 Rf8 28. Bf3 Bf1 29. Kg1 Bd3 30. Kg2 b6 31. axb6 cxb6 32. Nf5 d5 33. Nd6 dxe4 34. Bxe4 Bxe4+ 35. Nxe4 Kg7 36. b3 a5 37. c4 Rd8 38. c5 bxc5 39. Nxc5 Rb8 0-1

[Event "GER-ch 65th"]
[Site "Bad Wildbad"]
[Date "1993.??.??"]
[Round "7"]
[White "Siepelt, Heiner"]
[Black "Hedke, Fred"]
[Result "1/2-1/2"]
[WhiteElo "2320"]
[BlackElo "2345"]
[EventDate "1993.11.??"]
[PlyCount "45"]

1. Nf3 Nf6 2. g3 e6 3. Bg2 Be7 4. O-O O-O 5. d3 d6 6. e4 e5 7. c3 c6 8. Nbd2 Nbd7 9. d4 exd4 10. Nxd4 Nc5 11. Qc2 d5 12. exd5 Nxd5 13. N2f3 Bf6 14. h3 a5 15. Rd1 Qb6 16. Bg5 Bxg5 17. Nxg5 g6 18. Qd2 Nc7 19. Rab1 a4 20. Qf4 N7e6 21. Ngxe6 Nxe6 22. Qh6 Ra5 23. Bf3 1/2-1/2

[Event "GER-ch 65th"]
[Site "Bad Wildbad"]
[Date "1993.??.??"]
[Round "7"]
[White "Vatter, Hans Joachim"]
[Black "Zeller, Frank"]
[Result "1/2-1/2"]
[WhiteElo "2320"]
[BlackElo "2290"]
[EventDate "1993.11.??"]
[PlyCount "119"]

1. e4 c5 2. Nf3 d6 3. d4 cxd4 4. Nxd4 Nf6 5. Nc3 Nc6 6. Bg5 e6 7. Qd2 a6 8. O-O-O h6 9. Be3 Be7 10. f4 Bd7 11. Nf3 b5 12. Bd3 Qa5 13. Kb1 b4 14. Ne2 e5 15. g3 O-O 16. Nc1 Rfe8 17. Rhg1 Bf8 18. fxe5 Nxe5 19. Nxe5 Qxe5 20. Qxb4 d5 21. Qd4 Bg4 22. Rde1 dxe4 23. Qxe5 Rxe5 24. Bc4 Bf3 25. h3 Rh5 26. Bf1 Bc5 27. c4 Bb4 28. Re2 Bxe2 29. Nxe2 Bc5 30. Bxc5 Rxc5 31. Nc3 e3 32. Kc2 Re5 33. Bd3 Rae8 34. b4 e2 35. Re1 Nh5 36. Rxe2 Nxg3 37. Rxe5 Rxe5 38. c5 a5 39. a3 axb4 40. axb4 Kf8 41. Kb3 Nh5 42. Ba6 Ke7 43. Kc4 Nf4 44. b5 Ne6 45. Nd5+ Kd8 46. b6 Re4+ 47. Kb5 Nd4+ 48. Ka5 Nc6+ 49. Kb5 Nd4+ 50. Ka5 Re1 51. Bb5 Ra1+ 52. Ba4 Kc8 53. Nc3 Kb7 54. Kb4 Ne6 55. Bc2 Rc1 56. Be4+ Ka6 57. Bd3+ Kb7 58. Be4+ Ka6 59. Bd3+ Kb7 60. Be4+ 1/2-1/2

[Event "GER-ch 65th"]
[Site "Bad Wildbad"]
[Date "1993.??.??"]
[Round "7"]
[White "Zude, Arno"]
[Black "Knuth, Hannes"]
[Result "1/2-1/2"]
[WhiteElo "2440"]
[BlackElo "2360"]
[EventDate "1993.11.??"]
[PlyCount "81"]

1. e4 c5 2. Nf3 e6 3. d4 cxd4 4. Nxd4 Nc6 5. Nb5 Nf6 6. N1c3 d6 7. Bf4 e5 8. Bg5 a6 9. Na3 Be6 10. Nc4 Rc8 11. Nd5 Bxd5 12. Bxf6 gxf6 13. Qxd5 Nb4 14. Qd2 d5 15. exd5 Qxd5 16. Qxd5 Nxd5 17. Rd1 Nf4 18. g3 Ne6 19. Ne3 Bh6 20. Nf5 Bf8 21. c3 Bc5 22. Bg2 Rc7 23. b4 Be7 24. Rd3 O-O 25. Kd2 Rfc8 26. Nxe7+ Rxe7 27. Kc2 Kf8 28. Kb2 Rec7 29. Rc1 Ke7 30. Rd5 Nd4 31. Bh3 Ne6 32. a4 b6 33. Bf1 Ra7 34. Rcd1 a5 35. Bb5 Rd8 36. Rxd8 Nxd8 37. Kb3 Ne6 38. bxa5 Nc5+ 39. Kb4 Rxa5 40. Rd2 Ra7 41. Bc6 1/2-1/2

[Event "GER-ch 65th"]
[Site "Bad Wildbad"]
[Date "1993.??.??"]
[Round "8"]
[White "Bastian, Herbert"]
[Black "Renner, Christoph"]
[Result "0-1"]
[WhiteElo "2300"]
[BlackElo "2385"]
[EventDate "1993.11.??"]
[PlyCount "72"]

1. e4 e5 2. Nf3 Nc6 3. Bc4 d6 4. O-O Bg4 5. c3 Be7 6. h3 Bh5 7. d4 Nf6 8. d5 Nb8 9. Bd3 Nbd7 10. Nbd2 Bg6 11. Nh4 Nh5 12. Nf5 Nf4 13. Bc2 Bxf5 14. exf5 Nxd5 15. Be4 N7f6 16. Bf3 c6 17. Re1 Qd7 18. Qc2 g6 19. fxg6 hxg6 20. Nf1 Nc7 21. a4 Nh5 22. g4 Ng7 23. Bg2 Nce6 24. a5 a6 25. Ra4 O-O-O 26. b4 Bg5 27. Ne3 d5 28. c4 Nf4 29. cxd5 Nxg2 30. dxc6 Qxc6 31. Qxc6+ bxc6 32. Nxg2 Ne6 33. Ra3 Be7 34. Rf3 Bxb4 35. Re4 Rd1+ 36. Kh2 Nd4 0-1

[Event "GER-ch 65th"]
[Site "Bad Wildbad"]
[Date "1993.??.??"]
[Round "8"]
[White "Berndt, Klaus"]
[Black "Schwarz, Michael"]
[Result "1/2-1/2"]
[WhiteElo "2285"]
[BlackElo "2405"]
[EventDate "1993.11.??"]
[PlyCount "60"]

1. d4 g6 2. c4 Bg7 3. Nf3 Nf6 4. Nc3 d5 5. cxd5 Nxd5 6. e4 Nxc3 7. bxc3 O-O 8. Rb1 b6 9. Be2 Bb7 10. Qc2 Nd7 11. O-O e5 12. d5 c6 13. Ba3 Re8 14. c4 Qc8 15. Qb3 Bh6 16. Rfd1 Nf6 17. Bd3 Nh5 18. Bd6 Bg7 19. dxc6 Bxc6 20. c5 Nf4 21. Bc4 Bxe4 22. Ng5 Qg4 23. Qg3 Qf5 24. Nxf7 Bd5 25. Bxd5 Nxd5 26. Ng5 bxc5 27. Qb3 Qxg5 28. Qxd5+ Kh8 29. Bxc5 Rad8 30. Qe4 a6 1/2-1/2

[Event "GER-ch 65th"]
[Site "Bad Wildbad"]
[Date "1993.??.??"]
[Round "8"]
[White "Bezold, Michael"]
[Black "Hickl, Joerg"]
[Result "1/2-1/2"]
[WhiteElo "2490"]
[BlackElo "2570"]
[EventDate "1993.11.??"]
[PlyCount "71"]

1. d4 d6 2. Nf3 Nf6 3. g3 g6 4. Bg2 Bg7 5. b3 O-O 6. Bb2 a6 7. O-O b5 8. a4 b4 9. a5 Bb7 10. Ne1 Bxg2 11. Kxg2 Nc6 12. Nd2 Rb8 13. e4 Rb5 14. c4 bxc3 15. Bxc3 Qa8 16. d5 Nb4 17. Nef3 e6 18. dxe6 fxe6 19. Qe2 Qe8 20. Ra4 c5 21. Bxb4 cxb4 22. Nd4 Nd5 23. Nxb5 axb5 24. Raa1 Bxa1 25. exd5 Bc3 26. dxe6 Qa8+ 27. Kg1 Qd5 28. Rd1 Re8 29. Nc4 Bd4 30. Ne3 Qe5 31. Qd3 Bc5 32. Qxb5 Rxe6 33. Qd3 h5 34. a6 Kh7 35. Nd5 Qe2 36. Qxe2 1/2-1/2

[Event "GER-ch 65th"]
[Site "Bad Wildbad"]
[Date "1993.??.??"]
[Round "8"]
[White "Braeuning, Rudolf Wilhelm"]
[Black "Raupp, Thomas"]
[Result "0-1"]
[WhiteElo "2305"]
[BlackElo "2360"]
[EventDate "1993.11.??"]
[PlyCount "62"]

1. e4 c5 2. Nf3 e6 3. c3 d5 4. exd5 Qxd5 5. d4 Nf6 6. Be3 cxd4 7. cxd4 Nc6 8. Nc3 Qd6 9. a3 Be7 10. Bd3 O-O 11. O-O b6 12. Re1 Bb7 13. Qe2 Rac8 14. Rad1 g6 15. Bc4 Na5 16. Ba2 Nd5 17. Ne4 Nf4 18. Qd2 Nh3+ 19. gxh3 Bxe4 20. Bf4 Qc6 21. d5 exd5 22. Nd4 Qf6 23. f3 Nc4 24. Bxc4 Rxc4 25. Be3 Rxd4 26. Bxd4 Qxf3 27. Rf1 Qh1+ 28. Kf2 Bh4+ 29. Ke2 Qg2+ 30. Bf2 Bf3+ 31. Kd3 Bxd1 0-1

[Event "GER-ch 65th"]
[Site "Bad Wildbad"]
[Date "1993.??.??"]
[Round "8"]
[White "Espig, Lutz"]
[Black "Pirrot, Dieter"]
[Result "0-1"]
[WhiteElo "2455"]
[BlackElo "2400"]
[EventDate "1993.11.??"]
[PlyCount "122"]

1. Nf3 Nf6 2. c4 g6 3. d4 Bg7 4. g3 O-O 5. Bg2 d6 6. O-O Nc6 7. Nc3 a6 8. Bd2 Bg4 9. b3 e5 10. d5 Nd4 11. Ne1 Qd7 12. f3 Bh3 13. e3 Bxg2 14. Kxg2 Nf5 15. e4 Nd4 16. Nd3 h5 17. Ne2 Nxf3 18. Rxf3 Nxe4 19. Rf1 f5 20. Nc3 Nxc3 21. Bxc3 Rae8 22. Rc1 Qf7 23. Rc2 g5 24. Nf2 Qg6 25. Re2 Kh7 26. Qc2 Rf7 27. Kh1 Bh6 28. Bd2 Rfe7 29. Nh3 Rf7 30. Ref2 Ref8 31. Ng1 f4 32. Qxg6+ Kxg6 33. gxf4 gxf4 34. Ne2 h4 35. Nc3 Kf5 36. Re2 Rg7 37. Ne4 Bg5 38. Rg1 Rfg8 39. Ree1 Be7 40. Rxg7 Rxg7 41. Nf2 Rg8 42. Bc1 Rg6 43. Nh3 Rg4 44. Bxf4 Rxf4 45. Nxf4 Kxf4 46. Kg2 e4 47. Kf2 c6 48. Rd1 Ke5 49. Ke2 a5 50. Rf1 cxd5 51. cxd5 Kxd5 52. Rf5+ Kc6 53. Rxa5 d5 54. Ra8 d4 55. Rc8+ Kd5 56. Rc7 d3+ 57. Kd1 Bd6 58. Rxb7 Bxh2 59. Rd7+ Ke6 60. Rd8 Bf4 61. Rh8 e3 0-1

[Event "GER-ch 65th"]
[Site "Bad Wildbad"]
[Date "1993.??.??"]
[Round "8"]
[White "Haag, Martin"]
[Black "Menacher, Manfred"]
[Result "0-1"]
[WhiteElo "2290"]
[BlackElo "2280"]
[EventDate "1993.11.??"]
[PlyCount "83"]

1. d4 Nf6 2. Nf3 e6 3. e3 b6 4. Bd3 Bb7 5. Nbd2 Be7 6. O-O d6 7. e4 c5 8. c3 Nfd7 9. Re1 Na6 10. a3 Nc7 11. Nf1 b5 12. h3 h5 13. Bf4 Kf8 14. Qd2 a5 15. Rad1 c4 16. Bc2 Rb8 17. g4 hxg4 18. hxg4 Nf6 19. N1h2 d5 20. Bxc7 Qxc7 21. e5 Ne4 22. Qe3 f5 23. Kg2 g6 24. Rh1 Ke8 25. Rdg1 Kd7 26. Nf1 Rbg8 27. Rxh8 Rxh8 28. Rh1 Rxh1 29. Kxh1 Qd8 30. gxf5 gxf5 31. Ne1 Qg8 32. Ng2 Qh7+ 33. Kg1 Qh5 34. Ng3 Qg6 35. Kf1 Bg5 36. Qe1 Qh6 37. f3 Bd2 38. Qd1 Nxg3+ 39. Kf2 Bf4 40. Qg1 Nh1+ 41. Ke2 Bg5 42. a4 0-1

[Event "GER-ch 65th"]
[Site "Bad Wildbad"]
[Date "1993.??.??"]
[Round "8"]
[White "Hedke, Fred"]
[Black "Michaelsen, Nils"]
[Result "1-0"]
[WhiteElo "2345"]
[BlackElo "2435"]
[EventDate "1993.11.??"]
[PlyCount "79"]

1. e4 d5 2. exd5 Qxd5 3. d4 Nc6 4. Nf3 Bg4 5. Be2 O-O-O 6. Be3 Nf6 7. O-O e6 8. h3 Bh5 9. c4 Qd7 10. Nbd2 h6 11. a3 g5 12. b4 Bxf3 13. Nxf3 g4 14. hxg4 Nxg4 15. b5 Ne7 16. Qa4 Kb8 17. Ne5 Nxe5 18. dxe5 Nc8 19. Rad1 Qe7 20. Rxd8 Qxd8 21. Rd1 Qh4 22. g3 Rg8 23. Kg2 h5 24. Qc2 f5 25. exf6 Qxf6 26. Bxh5 Bh6 27. Bxh6 Qxh6 28. Rh1 Qf6 29. c5 Ne7 30. Bf3 Rf8 31. Qe4 Nd5 32. Rh7 Qc3 33. a4 a6 34. b6 c6 35. Rh5 Qxc5 36. Qxe6 Ka8 37. a5 Qd4 38. Re5 Rd8 39. Bxd5 cxd5 40. Qe8 1-0

[Event "GER-ch 65th"]
[Site "Bad Wildbad"]
[Date "1993.??.??"]
[Round "8"]
[White "Kostadinov, Atanas"]
[Black "Stolz, Mike"]
[Result "1-0"]
[WhiteElo "2245"]
[BlackElo "2280"]
[EventDate "1993.11.??"]
[PlyCount "49"]

1. d4 Nf6 2. g3 d6 3. Bg2 Nbd7 4. e4 e5 5. Ne2 Be7 6. c4 h5 7. h3 Nf8 8. Nbc3 c6 9. f4 a6 10. Be3 b5 11. O-O Bd7 12. c5 exf4 13. cxd6 fxe3 14. dxe7 Qxe7 15. e5 Ng8 16. Ne4 Rh6 17. Nf4 f5 18. Nd6+ Kd8 19. a4 b4 20. Qb3 g5 21. Qxg8 Kc7 22. Qf7 Qd8 23. Nd5+ cxd5 24. Qxd5 Ra7 25. Nf7 1-0

[Event "GER-ch 65th"]
[Site "Bad Wildbad"]
[Date "1993.??.??"]
[Round "8"]
[White "Lochte, Thomas"]
[Black "Beikert, Guenther"]
[Result "1/2-1/2"]
[WhiteElo "2265"]
[BlackElo "2415"]
[EventDate "1993.11.??"]
[PlyCount "53"]

1. e4 e5 2. Nf3 Nc6 3. d4 exd4 4. Nxd4 Bc5 5. Be3 Qf6 6. c3 Nge7 7. Be2 d5 8. Nd2 O-O 9. exd5 Nxd4 10. cxd4 Bb6 11. Bf3 Nf5 12. Nb3 Re8 13. O-O Bd7 14. a4 Rxe3 15. fxe3 Nxe3 16. Qd3 Nxf1 17. a5 Nxh2 18. Kxh2 Re8 19. axb6 Qh4+ 20. Kg1 Re1+ 21. Rxe1 Qxe1+ 22. Qf1 Qe3+ 23. Qf2 Qxb3 24. bxa7 Qa4 25. Qc2 Qxa7 26. Qxc7 Qxd4+ 27. Kh2 1/2-1/2

[Event "GER-ch 65th"]
[Site "Bad Wildbad"]
[Date "1993.??.??"]
[Round "8"]
[White "Moehring, Guenther"]
[Black "Seils, Joerg"]
[Result "1/2-1/2"]
[WhiteElo "2345"]
[BlackElo "2355"]
[EventDate "1993.11.??"]
[PlyCount "107"]

1. d4 Nf6 2. c4 e6 3. Nc3 Bb4 4. f3 d5 5. a3 Bxc3+ 6. bxc3 O-O 7. cxd5 exd5 8. e3 b6 9. Bd3 c5 10. Ne2 Ba6 11. Bxa6 Nxa6 12. O-O Nc7 13. Ng3 Re8 14. Ra2 Nb5 15. Qb3 Nd6 16. Re2 h5 17. Rfe1 h4 18. Nh1 Qd7 19. Nf2 cxd4 20. cxd4 Rac8 21. Bb2 Nc4 22. e4 Nxb2 23. Qxb2 Rc4 24. e5 Nh5 25. Nh3 g6 26. Nf2 Re6 27. Ng4 Qa4 28. Rd2 Qa5 29. Ne3 Ra4 30. Rc1 Nf4 31. g3 Rxa3 32. gxf4 Rxe3 33. Rf2 Ra3 34. Rfc2 Kg7 35. Kg2 b5 36. Kh3 Rxf3+ 37. Kg4 Ra3 38. Rc8 Ra2 39. Qc3 Qxc3 40. R1xc3 b4 41. R3c7 Raa6 42. Rd7 Rec6 43. Ra8 b3 44. Rdd8 f5+ 45. Kg5 Rc7 46. Rg8+ Kf7 47. Raf8+ Ke7 48. Rb8 Kf7 49. Rh8 Kg7 50. Rh6 Rc2 51. Rb7+ Kg8 52. Rb8+ Kg7 53. Rb7+ Kg8 54. Rb8+ 1/2-1/2

[Event "GER-ch 65th"]
[Site "Bad Wildbad"]
[Date "1993.??.??"]
[Round "8"]
[White "Movsziszian, Karen"]
[Black "Knuth, Hannes"]
[Result "1-0"]
[WhiteElo "2480"]
[BlackElo "2360"]
[EventDate "1993.11.??"]
[PlyCount "67"]

1. d4 Nf6 2. c4 g6 3. Nc3 Bg7 4. e4 d6 5. Be2 O-O 6. Bg5 Na6 7. Qd2 e5 8. d5 Bd7 9. h4 Nc5 10. f3 Na4 11. Nxa4 Bxa4 12. g4 Qe7 13. Nh3 Rfe8 14. Nf2 Qf8 15. h5 h6 16. Be3 g5 17. O-O Bd7 18. b4 Nxh5 19. gxh5 f5 20. exf5 Qf7 21. Ne4 Qxh5 22. f6 Bh8 23. Rf2 Rf8 24. c5 Bxf6 25. cxd6 cxd6 26. Rc1 Rf7 27. Rc7 Raf8 28. Nxf6+ Rxf6 29. Rxd7 e4 30. Rh2 Qe8 31. Bb5 Qg6 32. Bd4 R6f7 33. Rxf7 Rxf7 34. Be8 1-0

[Event "GER-ch 65th"]
[Site "Bad Wildbad"]
[Date "1993.??.??"]
[Round "8"]
[White "Muse, Mladen"]
[Black "Kindl, Peter"]
[Result "1/2-1/2"]
[WhiteElo "2485"]
[BlackElo "2335"]
[EventDate "1993.11.??"]
[PlyCount "109"]

1. d4 Nf6 2. c4 g6 3. Nc3 d5 4. cxd5 Nxd5 5. e4 Nxc3 6. bxc3 Bg7 7. Nf3 c5 8. Rb1 O-O 9. Be2 b6 10. O-O Bb7 11. Qd3 Ba6 12. Qe3 Qc8 13. d5 c4 14. Ba3 Re8 15. Nd4 e6 16. dxe6 fxe6 17. e5 Nd7 18. f4 Bf8 19. Bxf8 Nxf8 20. h4 Qc7 21. h5 Qg7 22. Rf3 Rac8 23. Rg3 Rc5 24. Rb4 Qc7 25. hxg6 hxg6 26. Bf3 Re7 27. Be4 Rg7 28. Rg5 Bb7 29. Nb5 Qd7 30. Nd6 Bxe4 31. Qxe4 Qc6 32. a4 a5 33. Rb5 Qxe4 34. Nxe4 Rxb5 35. axb5 Ra7 36. Rg3 a4 37. Re3 a3 38. Re1 a2 39. Ra1 Nd7 40. Kf2 Kf7 41. Ke3 Kg7 42. Kd4 Ra4 43. g4 Kf8 44. g5 Ke7 45. Ke3 Kd8 46. Kd2 Kc7 47. Kc2 Nc5 48. Nxc5 bxc5 49. Kb2 Kb6 50. Rxa2 Rxa2+ 51. Kxa2 Kxb5 52. Ka3 Kc6 53. Ka4 Kb6 54. Ka3 Kc6 55. Ka4 1/2-1/2

[Event "GER-ch 65th"]
[Site "Bad Wildbad"]
[Date "1993.??.??"]
[Round "8"]
[White "Nagendra, Rentala"]
[Black "Uhlmann, Wolfgang"]
[Result "0-1"]
[WhiteElo "2315"]
[BlackElo "2510"]
[EventDate "1993.11.??"]
[PlyCount "112"]

1. d4 Nf6 2. c4 g6 3. Nc3 Bg7 4. e4 d6 5. Be2 O-O 6. Nf3 e5 7. O-O Nc6 8. d5 Ne7 9. b4 Nh5 10. g3 f5 11. Ng5 Nf6 12. f3 c6 13. b5 c5 14. g4 f4 15. h4 Bd7 16. Rf2 Qc8 17. Rg2 h6 18. Nh3 Nh5 19. Nf2 Ng3 20. Nh1 Nxh1 21. Kxh1 Kf7 22. Bd2 Ng8 23. Be1 Bf6 24. a4 Qd8 25. Rh2 Be7 26. a5 Nf6 27. Bf2 Kg7 28. Kg1 Rf7 29. Ra3 Qc7 30. Nb1 Raf8 31. Nd2 Qc8 32. Be1 Rh8 33. Rg2 Kf8 34. Bf2 Rg7 35. Nf1 Kf7 36. Nh2 Qd8 37. Qe1 Nh7 38. Kh1 Rhg8 39. Ra1 h5 40. g5 Nxg5 41. hxg5 Bxg5 42. Nf1 Bf6 43. Rh2 Rh8 44. Nd2 g5 45. Bf1 g4 46. Bh4 g3 47. Bxf6 Qxf6 48. Rh3 Rhg8 49. Bg2 Bxh3 50. Bxh3 g2+ 51. Kg1 Ke7 52. a6 b6 53. Be6 Rh8 54. Nb1 Rg3 55. Nc3 Qh4 56. Ne2 Qh1+ 0-1

[Event "GER-ch 65th"]
[Site "Bad Wildbad"]
[Date "1993.??.??"]
[Round "8"]
[White "Rausch, Stephan"]
[Black "Gutman, Lev"]
[Result "0-1"]
[WhiteElo "2315"]
[BlackElo "2450"]
[EventDate "1993.11.??"]
[PlyCount "84"]

1. d4 g6 2. e4 Bg7 3. Nf3 Nf6 4. Bd3 O-O 5. c3 d6 6. O-O Nfd7 7. Be3 Nc6 8. b4 a6 9. Ne1 e5 10. d5 Ne7 11. c4 a5 12. Qa4 Nf5 13. Bd2 Nd4 14. Nc2 Nb6 15. Qa3 Nxc4 16. Qc3 Nxd2 17. Nxd2 axb4 18. Nxb4 Bd7 19. Nb3 f5 20. Nxd4 exd4 21. Qc4 Ra3 22. Rac1 fxe4 23. Bxe4 Rc3 24. Rxc3 dxc3 25. Nc2 b5 26. Qb3 Qg5 27. Bd3 Qd2 28. Be4 Rf4 29. f3 Bd4+ 30. Nxd4 Qxd4+ 31. Rf2 Rf8 32. Qc2 Kg7 33. g4 Bxg4 34. Kg2 Bf5 35. Re2 b4 36. Bxf5 Rxf5 37. Re7+ Kh6 38. Re4 Rg5+ 39. Kh3 Qxd5 40. Qf2 Qf5+ 41. Kh4 Rh5+ 42. Kg3 Qh3+ 0-1

[Event "GER-ch 65th"]
[Site "Bad Wildbad"]
[Date "1993.??.??"]
[Round "8"]
[White "Sieglen, Joachim"]
[Black "Guenthner, Oliver"]
[Result "1/2-1/2"]
[WhiteElo "2415"]
[BlackElo "2260"]
[EventDate "1993.11.??"]
[PlyCount "132"]

1. c4 Nf6 2. Nc3 g6 3. e4 d6 4. d4 Bg7 5. Be2 O-O 6. Nf3 c5 7. O-O cxd4 8. Nxd4 Nc6 9. Be3 a6 10. f3 e6 11. Qd2 Qc7 12. Rfd1 Ne5 13. Rac1 Rd8 14. b3 b6 15. Bg5 Bb7 16. f4 Ned7 17. Bf3 h6 18. Bh4 Re8 19. Nde2 Bf8 20. Kh1 Be7 21. Bg3 Rad8 22. Rf1 Kg7 23. e5 dxe5 24. fxe5 Ng8 25. Nd5 exd5 26. cxd5 Qb8 27. e6 Bd6 28. exd7 Rxd7 29. Qd4+ Kh7 30. Qxb6 Bxg3 31. Nxg3 Kg7 32. Bg4 f5 33. Nxf5+ gxf5 34. Bxf5 Rde7 35. Qg6+ Kh8 36. Be6 Rg7 37. Qf5 Qd6 38. Rce1 Rxe6 39. Rxe6 Qxd5 40. Qxd5 Bxd5 41. Re2 Bc6 42. Rff2 Kh7 43. Re6 Bb7 44. Rd6 Re7 45. h3 Kg7 46. Kh2 Rc7 47. Rf4 Re7 48. Rg4+ Kf7 49. Rgd4 Bc8 50. Rc4 Bb7 51. Rcd4 Bc8 52. Rd8 Rc7 53. Rf4+ Kg7 54. a3 Bd7 55. Ra8 Rc6 56. Ra7 Rd6 57. Ra4 Nf6 58. R4xa6 Rd2 59. Re6 Kg6 60. Re3 Bc6 61. Rg3+ Kf5 62. Ra5+ Bd5 63. b4 h5 64. Rf3+ Kg6 65. Rg3+ Kf5 66. Rf3+ Kg6 1/2-1/2